Welcome to the Holygrace Academy Library

Please use search bar below to get started

CHILD PSYCHOLOGY& DEVELOPMENT (Record no. 8698)

MARC details
000 -LEADER
fixed length control field 00361nam a22001337a 4500
082 ## - DEWEY DECIMAL CLASSIFICATION NUMBER
Classification number 155.4
Item number MAN/C
100 ## - MAIN ENTRY--AUTHOR NAME
Personal name MANGAL, S K; SHUBHARA MANGAL
245 ## - TITLE STATEMENT
Title CHILD PSYCHOLOGY& DEVELOPMENT
246 ## - VARYING FORM OF TITLE
Title proper/short title CHILD PSYCHOLOGY& DEVELOPMENT
Remainder of title CHILD PSYCHOLOGY& DEVELOPMENT
260 ## - PUBLICATION, DISTRIBUTION, ETC. (IMPRINT)
Place of publication NOIDA, INDIA
Name of publisher STERLING
Year of publication 2019
300 ## - PHYSICAL DESCRIPTION
Number of Pages 517
650 ## - SUBJECT ADDED ENTRY--TOPICAL TERM
Topical Term PSYCHOLOGY
942 ## - ADDED ENTRY ELEMENTS (KOHA)
Koha item type Books
Holdings
Withdrawn status Lost status Collection code Home library Current library Shelving location Date acquired Source of acquisition Full call number Accession Number Koha item type
    Reference Main Library Main Library NEW SHELF WITH NEW ENTRY 06/05/2024 PURCHASED 155.4 MAN/C 13656 Books